000 00565nam a2200181 4500
005 20250612151611.0
010 _aENG-145305
020 _a9789390082995
_c590.00
035 _aEN-128837
037 _bDBAD
082 _a616.5922
100 _aRajendran, S.
_981957
245 _aCovid-19 Lockdown:
_bImpact on Rural Economy/
_cS. Rajendran
260 _aMadurai
_bShanlax Publications
_c2021
270 _a61,66 Vasantha Nagar
_bMadurai
_e625003
_mshanlaxpublications@gmail.com
300 _a193p.
_c24cm(Pb)
942 _2ddc
_cEN
_h616.5922
_mRAJ
999 _c211771
_d211771